Sports Quiz

Random Sports or Baseball Quiz

MLB 2011 Pitching Leaders Quiz Stats

 Plays Quiz not verified by Sporcle

Challenge
Share
Tweet
Embed
Score 0/160 Timer 20:00
0 Plays Today
Category Player Name % Correct
Complete GamesCarpenter, Haren, …
99.8%
WinsG.Gonzalez, Greinke, …
99.3%
ERAJustin Verlander
99.1%
WHIPJustin Verlander
99.1%
WinsJustin Verlander
99.1%
StrikeoutsJustin Verlander
99.1%
WARJustin Verlander
99.1%
K/9 IPJustin Verlander
99.1%
K/BBJustin Verlander
99.1%
Fewest Hits/9 IPJustin Verlander
99.1%
ERACliff Lee
98.7%
WHIPCliff Lee
98.7%
WinsCliff Lee
98.7%
StrikeoutsCliff Lee
98.7%
WARCliff Lee
98.7%
K/9 IPCliff Lee
98.7%
K/BBCliff Lee
98.7%
Fewest Walks/9 IPCliff Lee
98.7%
Complete GamesCliff Lee
98.7%
ERARoy Halladay
98.5%
ERATim Lincecum
98.5%
WHIPRoy Halladay
98.5%
WinsRoy Halladay
98.5%
StrikeoutsRoy Halladay
98.5%
StrikeoutsTim Lincecum
98.5%
WARRoy Halladay
98.5%
K/9 IPTim Lincecum
98.5%
K/BBRoy Halladay
98.5%
Fewest Walks/9 IPRoy Halladay
98.5%
Fewest HR/9 IPRoy Halladay
98.5%
Complete GamesRoy Halladay
98.5%
Most Walks AllowedTim Lincecum
98.5%
WinsC.C. Sabathia
98.3%
StrikeoutsC.C. Sabathia
98.3%
WARC.C. Sabathia
98.3%
Most Hits AllowedC.C. Sabathia
98.3%
ERAClayton Kershaw
97.2%
WHIPClayton Kershaw
97.2%
WinsClayton Kershaw
97.2%
StrikeoutsClayton Kershaw
97.2%
WARClayton Kershaw
97.2%
K/9 IPClayton Kershaw
97.2%
K/BBClayton Kershaw
97.2%
Fewest Hits/9 IPClayton Kershaw
97.2%
Fewest HR/9 IPClayton Kershaw
97.2%
Complete GamesClayton Kershaw
97.2%
SavesMariano Rivera
96.7%
ERAJered Weaver
96.1%
WHIPJered Weaver
96.1%
WinsJered Weaver
96.1%
WARJered Weaver
96.1%
Fewest Hits/9 IPJered Weaver
96.1%
ERACole Hamels
95.6%
WHIPCole Hamels
95.6%
Category Player Name % Correct
K/BBCole Hamels
95.6%
Fewest Hits/9 IPCole Hamels
95.6%
Fewest Walks/9 IPCole Hamels
95.6%
ERAJames Shields
95%
WHIPJames Shields
95%
StrikeoutsJames Shields
95%
StrikeoutsFelix Hernandez
95%
StrikeoutsDavid Price
95%
WARJames Shields
95%
Fewest Hits/9 IPJames Shields
95%
Complete GamesJames Shields
95%
Complete GamesFelix Hernandez
95%
Most HR AllowedJames Shields
95%
WHIPJosh Beckett
93.5%
WARJosh Beckett
93.5%
Fewest Hits/9 IPJosh Beckett
93.5%
Fewest Hits/9 IPMatt Cain
93%
Fewest HR/9 IPMatt Cain
93%
K/9 IPZack Greinke
91.9%
K/BBZack Greinke
91.9%
WinsYovani Gallardo
90.2%
StrikeoutsYovani Gallardo
90.2%
K/9 IPYovani Gallardo
90.2%
Most HR AllowedYovani Gallardo
90.2%
WinsIan Kennedy
89.6%
SavesJose Valverde
86.7%
SavesCraig Kimbrel
86.1%
ERADoug Fister
85.9%
WHIPDoug Fister
85.9%
WARDoug Fister
85.9%
Fewest Walks/9 IPDoug Fister
85.9%
Fewest HR/9 IPDoug Fister
85.9%
SavesHeath Bell
82%
WHIPDan Haren
80.2%
K/BBDan Haren
80.2%
Fewest Walks/9 IPDan Haren
80.2%
SavesJohn Axford
78.5%
Most Walks AllowedGio Gonzalez
76.7%
Most ER AllowedJohn Lackey
75.7%
K/9 IPAnibal Sanchez
74.3%
Most Walks AllowedA.J. Burnett
73.9%
Most HR AllowedA.J. Burnett
73.9%
Most ER AllowedA.J. Burnett
73.9%
Fewest HR/9 IPChris Carpenter
73.1%
Most Hits AllowedChris Carpenter
73.1%
SavesFrancisco Cordero
73%
SavesJ.J. Putz
71.3%
Most Hits AllowedBronson Arroyo
69.6%
Most HR AllowedBronson Arroyo
69.6%
Most ER AllowedBronson Arroyo
69.6%
WARRicky Romero
69.3%
Fewest Hits/9 IPRicky Romero
69.3%
Most Walks AllowedRicky Romero
69.3%
Most HR AllowedRicky Romero
69.3%
Category Player Name % Correct
Most Walks AllowedUbaldo Jimenez
67.8%
Fewest HR/9 IPTim Hudson
66.9%
K/BBMadison Bumgarner
65.7%
Fewest HR/9 IPMadison Bumgarner
65.7%
Most HR AllowedErvin Santana
64.6%
ERARyan Vogelsong
62.2%
SavesJoel Hanrahan
59.1%
SavesDrew Storen
58.5%
K/9 IPMatt Garza
58%
Fewest Walks/9 IPCarl Pavano
58%
Most Hits AllowedCarl Pavano
58%
Most ER AllowedCarl Pavano
58%
Most Walks AllowedRyan Dempster
56.9%
Most Walks AllowedTrevor Cahill
56.9%
Most ER AllowedRyan Dempster
56.9%
Most Hits AllowedEdwin Jackson
55.9%
K/9 IPBrandon Morrow
55.7%
Fewest Hits/9 IPJeremy Hellickson
54.4%
Most Hits AllowedMark Buehrle
54.4%
Fewest HR/9 IPJustin Masterson
54.1%
Most ER AllowedFausto Carmona
53.9%
SavesBrandon League
52.8%
Most ER AllowedDerek Lowe
50.9%
Most HR AllowedMax Scherzer
50.4%
K/9 IPMichael Pineda
46.9%
Fewest Hits/9 IPMichael Pineda
46.9%
Most Hits AllowedRicky Nolasco
45.9%
Most ER AllowedRicky Nolasco
45.9%
Most Hits AllowedBrett Myers
45.7%
Most HR AllowedBrett Myers
45.7%
Most ER AllowedBrett Myers
45.7%
Most Walks AllowedChad Billingsley
44.4%
Most HR AllowedColby Lewis
42.6%
Most HR AllowedTed Lilly
42.4%
Most HR AllowedJeremy Guthrie
37.2%
Most Hits AllowedBrad Penny
36.1%
Most ER AllowedBrad Penny
36.1%
Fewest Walks/9 IPJeff Francis
34.6%
Most Hits AllowedJeff Francis
34.6%
K/BBJosh Tomlin
33.7%
Fewest Walks/9 IPJosh Tomlin
33.7%
K/BBBrandon McCarthy
32.2%
Fewest Walks/9 IPBrandon McCarthy
32.2%
Fewest HR/9 IPBrandon McCarthy
32.2%
Complete GamesBrandon McCarthy
32.2%
Fewest HR/9 IPCharlie Morton
28.1%
Fewest Walks/9 IPJeff Karstens
27.8%
Most HR AllowedJoe Saunders
27%
Most Walks AllowedJames McDonald
26.7%
Most Walks AllowedJ.A. Happ
25.9%
Most Walks AllowedJhoulys Chacin
25.4%
Most HR AllowedChris Capuano
21.9%

You're not logged in!

Compare scores with friends on all Sporcle quizzes.
OR
Log In

You Might Also Like...

Show Comments

Extras

Top Quizzes Today


Score Distribution

Your Account Isn't Verified!

In order to create a playlist on Sporcle, you need to verify the email address you used during registration. Go to your Sporcle Settings to finish the process.

Report this User

Report this user for behavior that violates our Community Guidelines.

Details: